Etalóny drsnosti povrchu - výskum a vyhodnotenie. /
Uložené v:
| Hlavný autor: | |
|---|---|
| Médium: | Rukopis Kniha |
| Vydavateľské údaje: |
Bratislava :
ŠSLMÚ,
1985
|
| Tagy: |
Žiadne tagy, Buďte prvý, kto otaguje tento záznam!
|
MARC
| LEADER | 00000ntm a22000003a 4500 | ||
|---|---|---|---|
| 001 | stu47849 | ||
| 005 | 20150617225710.7 | ||
| 008 | ------s1985----cs----------------------d | ||
| 040 | |a STU |b slo | ||
| 041 | 0 | ||
| 044 | |a cs | ||
| 080 | |a 621.179.118 | ||
| 080 | |a 681.723.26 |7 stu_us_auth*stu162 | ||
| 100 | 1 | |a Mates, Pavol |4 aut | |
| 245 | 1 | |a Etalóny drsnosti povrchu - výskum a vyhodnotenie. / |c [aut.] Mates,Pavol | |
| 260 | |a Bratislava : |b ŠSLMÚ, |c 1985 | ||
| 300 | |a 134 s | ||
| 996 | |b J75311 |c J*75311/DIZ. |l JJSK |s A |a 24 |w stu47849_0001 | ||